MARC details
| 000 -CABECERA |
| campo de control de longitud fija |
01104nam a22002297a 4500 |
| 003 - IDENTIFICADOR DEL NÚMERO DE CONTROL |
| campo de control |
DO-SdBNP |
| 005 - FECHA Y HORA DE LA ÚLTIMA TRANSACCIÓN |
| campo de control |
20211008130244.0 |
| 008 - DATOS DE LONGITUD FIJA--INFORMACIÓN GENERAL |
| campo de control de longitud fija |
211008b2004 dr a|||| |||| 00| 0 spa d |
| 040 ## - FUENTE DE LA CATALOGACIÓN |
| Centro catalogador/agencia de origen |
DO-SdBNP |
| Lengua de catalogación |
spa |
| Centro/agencia transcriptor |
BNPHU |
| 082 #4 - NÚMERO DE LA CLASIFICACIÓN DECIMAL DEWEY |
| Número de documento/Ítem |
C723J |
| Número de edición |
22 |
| 100 1# - ENTRADA PRINCIPAL--NOMBRE DE PERSONA |
| Nombre de persona |
Jarne, Ricardo Ramón, |
| Fechas asociadas al nombre |
1901- |
| 9 (RLIN) |
80147 |
| 245 10 - MENCIÓN DE TÍTULO |
| Título |
Colson : |
| Resto del título |
"la vanguardia trashumante" |
| Mención de responsabilidad, etc. |
textos, Ricardo Ramón Jarne, Laura Gil, Marianne de Tolentino, Chiqui Vicioso. |
| 260 ## - PUBLICACIÓN, DISTRIBUCIÓN, ETC. |
| Lugar de publicación, distribución, etc. |
Santo Domingo : |
| Nombre del editor, distribuidor, etc. |
Museo Bellapart, |
| Fecha de publicación, distribución, etc. |
2004. |
| 300 ## - DESCRIPCIÓN FÍSICA |
| Extensión |
477 p. : |
| Otras características físicas |
il. ; |
| Dimensiones |
28 cm. |
| 490 ## - MENCIÓN DE SERIE |
| Mención de serie |
Monografías de arte dominicano ; |
| Designación de volumen o secuencia |
2 |
| 500 ## - NOTA GENERAL |
| Nota general |
Incluye referencias bibliográficas y notas al pie de las páginas |
| 505 0# - NOTA DE CONTENIDO CON FORMATO |
| Título |
Colson: "la vanguardia trashumante" / |
| Mención de responsabilidad |
Ricardo Ramón Jarne -- |
| Título |
Colson: otras visiones / |
| Mención de responsabilidad |
Laura Gil, Marianne de Toloentino, Chiqui Vicioso -- |
| Título |
El color en Colson -- |
| -- |
Colson: visto por la crítica (1938-1978) -- |
| -- |
Colson: pensador y crítico -- |
| -- |
Catalogación completa de obras (1919-1974). |
| 590 ## - NOTA LOCAL (RLIN) |
| Nota local |
Inventariado, 2021 /LP |
| 830 #0 - PUNTO DE ACCESO ADICIONAL DE SERIE-TÍTULO UNIFORME |
| Título uniforme |
Monografías de arte dominicano ; |
| Número de parte o sección de la obra |
2 |
| 9 (RLIN) |
80148 |
| 910 ## - DATOS DE OPCIÓN DEL USUARIO (OCLC) |
| Datos de opción del usuario |
Lopérez |
| 942 ## - ELEMENTOS DE PUNTO DE ACCESO ADICIONAL (KOHA) |
| Fuente del sistema de clasificación o colocación |
Dewey Decimal Classification |
| Tipo de ítem Koha |
Libro |